| 000 | 00858nam a22002657a 4500 | ||
|---|---|---|---|
| 003 | DO-SdBNP | ||
| 005 | 20180221145610.0 | ||
| 008 | 160718 1990 sp a spa d | ||
| 020 | _a843928943X | ||
| 040 |
_aBPMSU _bspa _cBPMSU |
||
| 082 | 4 |
_axxxx _bxxxx |
|
| 100 | 1 | _aCapdevila Blanco, Francisco | |
| 245 | 1 | 3 |
_aEl domingo, a las doce / _cFrancisco Capdevila Blanco ; asesores pedagógicos Juan Carlos Carrascosa Calpena, Agustín Berrueta Jiménez |
| 250 | _a4a. ed. | ||
| 260 |
_aMadrid : _bGaviota, _c1990. |
||
| 300 |
_a[24] p. : _bil. ; _c22 cm. |
||
| 490 | 1 | _aNene, Nena y Guau | |
| 521 | _aA partir de 6 años. | ||
| 700 | 1 | 2 |
_aCarrascosa Calpena, Juan Carlos _ease. |
| 700 | 1 | 2 |
_aBerrueta Jiménez, Agustín _ease. |
| 830 | 0 | _aNene, Nena y Guau | |
| 942 |
_2ddc _cBK |
||
| 945 | _aInventariado, 2018 / BT | ||
| 956 |
_2YLOCKWARD _310 _8BPMSU _a00144 |
||
| 999 |
_c12422 _d12422 |
||